Top 15 Toronto Raptors players of all-time - Statistics

General Stats
  • This quiz has been taken 29 times
  • The average score is 9 of 15
Answer Stats
Pos/Placement Answer % Correct
SG #1 Vince Carter
93%
PG #4 Kyle Lowry
89%
PF #7 Pascal Siakam
89%
SF #5 DeMar Derozan
85%
SF #2 Kawhi Leonard
81%
PG #15 Fred Vanvleet
74%
C #3 Chris Bosh
70%
C #10 Jonas Valanciunas
63%
C #8 Antonio Davis
44%
SF #14 Amir Johnson
41%
PG #6 Damon Stoudamire
37%
PG #9 Jose Calderon
37%
PF #12 Andrea Bargnani
30%
SF #11 Morris Peterson
15%
SG #13 Doug Christie
11%
No matching quizzes found
Score Distribution
Percent of People with Each Score
Percentile by Number Answered
Your Score History
You have not taken this quiz